| 000 | 00474nam a2200181Ia 4500 | ||
|---|---|---|---|
| 003 | LK-CoDNM | ||
| 005 | 20240319102059.0 | ||
| 008 | 010623t1933 xxu||||| |||| 00| 1 sin d | ||
| 040 |
_aLK-CoDNM _dLK-CoDNM _eLK-CoDNM |
||
| 041 | _asin | ||
| 080 | _a104 KK4 | ||
| 100 | _aPagnarama thero,Moraketiare | ||
| 245 | _aවෙසක් සඳරැස | ||
| 246 | _aWesak Sadaresa | ||
| 260 |
_bDharmabandu Press _aTangalla _c1933 |
||
| 300 |
_bDamaged _a4p.,14 cm |
||
| 942 | _cBK | ||
| 999 |
_c96892 _d96892 |
||